Nghiên cứu khả năng sử dụng chỉ số tổ hợp sinh học IBI để đánh giá chất lượng môi trường nước hạ lưu sông Thu Bồn, tỉnh Quảng Nam
Đã lưu trong:
| 主要作者: | |
|---|---|
| 格式: | 图书 |
| 出版: |
2014
|
| 标签: |
添加标签
没有标签, 成为第一个标记此记录!
|
| Thư viện lưu trữ: | Mạng thư viện Đại học Đà Nẵng |
|---|
| LEADER | 00813nam a2200229 4500 | ||
|---|---|---|---|
| 001 | 000021129 | ||
| 003 | 17576 | ||
| 005 | 20150406140404.0 | ||
| 008 | 150406s2014 sd | ||
| 100 | 1 | |a Đàm Minh Anh |e Chủ nhiệm đề tài | |
| 245 | 1 | 0 | |a Nghiên cứu khả năng sử dụng chỉ số tổ hợp sinh học IBI để đánh giá chất lượng môi trường nước hạ lưu sông Thu Bồn, tỉnh Quảng Nam |c Đàm Minh Anh |
| 260 | |c 2014 | ||
| 500 | |a Đề tài NCKH cấp Đại học Đà Nẵng . Mã số : Đ 2014-03-59 | ||
| OWN | |a LSP | ||
| 999 | |a From the UDN01 | ||
| TYP | |a Mixed Materials | ||
| TYP | |a Monograph | ||
| TYP | |a Printed language | ||
| 980 | |a Mạng thư viện Đại học Đà Nẵng | ||